Statistics for Words After Cities

Click here to take the quiz!

General Stats

  • This quiz has been taken 1,370 times
  • The average score is 9 of 18

Answer Stats

CityHint% Correct
BostonMassacre, Strangler, Tea Party
89%
LondonFire, Underground, Fog
79%
HarlemShake, Renaissance, Globetrotters
79%
KentuckyFried Chicken, Derby, Bourbon Trail
78%
HollywoodSquares, Walk of Fame, Stars
77%
PhiladelphiaCheesesteak, Flyers, Roll
75%
L.A.Riots, Confidential, Gear
71%
SeattleSlew, Mariners, Seahawks
68%
Daytona500, Beach, Speedway
57%
StockholmSyndrome, Riots, Bloodbath
46%
ClevelandShow, Browns, Steamer
46%
Washington DCSniper, United, Post
41%
Oklahoma CityBombing, Memorial, Thunder
35%
KyotoProtocol, International Manga Museum, Imperial Palace
32%
NurembergTrials, Laws, Rallies
21%
BangkokDangerous, Declaration, Floating Market
15%
OsloAccords, Freedom Forum, Bombing
6%
TijuanaFlats, Cartel, Bottle Rocket
5%

Score Distribution

Percentile by Number Answered

Percent of People with Each Score

Your Score History

You have not taken this quiz